Divertidos experimentos científicos y matemáticos en movimiento

Gorde:
Xehetasun bibliografikoak
Egile nagusia: Richards, Roy (Egilea)
Formatua: Liburua
Hizkuntza:gaztelania
Argitaratua: Buenos Aires Lumen 1990
Saila:Colección 101 Trucos Científicos
Gaiak:
Etiketak: Etiketa erantsi
Etiketarik gabe, Izan zaitez lehena erregistro honi etiketa jartzen!

MARC

LEADER 00000nam a2200000 a 4500
001 UCZ1440
003 CL-VaPUC
008 950824e19900000AG |||||||||||||||||spa|d
082 0 4 |a 372.5  |b RIC  |2 21 
100 0 |a Richards, Roy  |e author  |9 345005 
245 1 0 |a Divertidos experimentos científicos y matemáticos en movimiento 
300 |a 32 p 
942 |c BK 
945 |d 19950824 00:00:00  |a rbrito 
260 |a Buenos Aires  |b Lumen  |c 1990 
650 0 |a Creatividad   |9 310816 
650 0 |a Educación científica   |9 307484 
650 0 |a Física   |9 227844 
650 0 |a enseñanza de la física   |9 339846 
583 |a last modification  |c 20170824 09:34:13  |k Rodrigo Vera 
490 0 |a Colección 101 Trucos Científicos 
999 |c 238186  |d 238184 
952 |0 0  |1 0  |4 0  |6 372_500000000000000_RIC_1990  |7 0  |8 A  |9 248211  |a BIBEDU  |b BIBEDU  |d 2019-11-18  |i 3118401  |o 372.5 RIC 1990  |p 3118401  |r 2019-11-18  |w 2019-11-18  |y BK  |k EPE